| 000 | 00372pab a2200133 454500 | ||
|---|---|---|---|
| 008 | 180718b1990 xxu||||| |||| 00| 0 eng d | ||
| 100 | _aSpyropoulos, Georges | ||
| 245 | _aLabour law and labour relations in tomorrow's social Europe | ||
| 260 | _c1990 | ||
| 300 | _a733-50 | ||
| 650 | _aLabour Relations - Europe | ||
| 773 | _aInternational Labour Review | ||
| 909 | _a12272 | ||
| 999 |
_c12272 _d12272 |
||